zpět

Detail výsledku týmu

Olomouc speciál, Olomouc

Datum a čas kvízu

21 Celkem bodů Celkový počet nahraných bodů na tomto kvízu bez doplňovacích otázek.
13. Pořadí na kvízu Konečné umístění týmu na tomto kvízu.

Zaznamenané odpovědi

# Otázka Odpověď Body Výsledky
1. Jak se jmenuje mezinárodní soc... Sculpture Line 0
2. V letošním roce by se devadesá... jaderný inženýr/technik v Černobylu/zástupce hlavního inženýra 1
3. Naopak stále mezi námi je here... Jennifer Lawrence 0
4. Zdá se, že letošní léto je co... v Belgii 0
5. Podle pražských úřadů v srpnu... yorkshirský teriér 1
6. V tomto tématu si zavzpomínáme... Philadelphia, Forrest Gump 0
7. Obdobného úspěchu, avšak v hud... Whitney Houston 1
8. Pomyslnou odpovědí nového milé... Dawsonův svět 0
9. Devadesátky přály akčním filmů... 1B 2A 3C 4D 0
10. A na závěr zavítáme do Čech. J... Marcela Augustová, Hry bez hranic 0.5